Sports Quiz

Random Sports or NFL Quiz

NFL Longest Field Goals Quiz Stats

 Plays Quiz Updated Sep 26, 2021

Support Sporcle.
Go Orange.
Score 0/25 Timer 04:00
1 Play Today
Yards Kicker % Correct
66Justin Tucker
92.3%
63Jason Elam
78.8%
62Matt Prater
69.9%
64Matt Prater
69.2%
63David Akers
55.6%
62Stephen Gostkowski
53.5%
61Justin Tucker
53.1%
60Rob Bironas
51.3%
63Graham Gano
41.9%
63Tom Dempsey
40.6%
61Greg Zuerlein
39.8%
61Sebastian Janikowski
39%
60Morten Andersen
38%
Yards Kicker % Correct
62Matt Bryant
37%
60Greg Zuerlein
35%
61Jake Elliott
34.9%
62Brett Maher
30.1%
63Brett Maher
30.1%
62Brett Maher
28.2%
61Jason Myers
22.3%
63Sebastian Janikowski
18%
61Jay Feely
17.5%
60Chandler Catanzaro
17.4%
60Dan Carpenter
9.2%
60Steve Cox
4.2%

From the Vault

Country by Female Historical Figures

by khands

History 5m
There are a lot of evil queens who we now realize are entirely fictional.
Remove Ads.
Support Sporcle.
Get the best of Sporcle when you Go Orange. This ad-free experience offers more features, more stats, and more fun while also helping to support Sporcle. Thank you for becoming a member.

Show Comments

Extras

Top Quizzes Today


Score Distribution

Your Account Isn't Verified!

In order to create a playlist on Sporcle, you need to verify the email address you used during registration. Go to your Sporcle Settings to finish the process.

Report this User

Report this user for behavior that violates our Community Guidelines.

Details: